Génesis del pensamiento socialista en el movimiento obrero chileno: período 1820-1920
Saved in:
| Format: | Bog |
|---|---|
| Sprog: | spansk |
| Udgivet: |
Santiago, Chile
Centro de Estudios del Trabajo CETRA-CEA
1983
|
| Serier: | Cuadernos de Historia Popular. Serie Historia del Movimiento Obrero,
4 |
| Fag: | |
| Tags: |
Tilføj Tag
Ingen Tags, Vær først til at tagge denne postø!
|
MARC
| LEADER | 00000nam a2200000 a 4500 | ||
|---|---|---|---|
| 001 | UCX2417 | ||
| 003 | CL-VaPUC | ||
| 005 | 20200703121456.0 | ||
| 008 | 910513e19830000CL |||||||||||||||||spa|d | ||
| 999 | |c 223444 |d 223442 | ||
| 040 | |c Pontificia Universidad Católica de Valparaíso | ||
| 082 | 0 | 4 | |a 322.2 GEN 1983 |2 21 |
| 245 | 1 | 0 | |a Génesis del pensamiento socialista en el movimiento obrero chileno: |b período 1820-1920 |
| 260 | |a Santiago, Chile |b Centro de Estudios del Trabajo CETRA-CEA |c 1983 | ||
| 300 | |a 28 páginas | ||
| 490 | 0 | |a Cuadernos de Historia Popular. Serie Historia del Movimiento Obrero, |v 4 | |
| 583 | |a last modification |c 19910513 00:00:00 |k Rodrigo Vera | ||
| 650 | 7 | |a TRABAJO Y EMPLEO |2 CL-VaPUC |9 318345 |x TRABAJADORES |z CHILE | |
| 650 | 7 | |a HISTORIA SOCIAL |x TRABAJADORES |z CHILE |9 856664 | |
| 852 | |a BIBCUR | ||
| 942 | |c BK |2 ddc | ||
| 945 | |d 19910513 00:00:00 | ||
| 952 | |0 0 |1 0 |2 ddc |4 0 |6 322_200000000000000_GEN_1983 |7 0 |8 A |9 219225 |a BIBHIS |b BIBHIS |d 2019-11-15 |i 2879956 |l 1 |o 322.2 GEN 1983 |p 2879956 |r 2025-01-20 |s 2024-04-03 |t 1 |w 2019-11-15 |y BK |k HIS | ||